Estadísticas para MEDIAS FIFA 23

Haz click aquí para intentar la prueba.

Estadísticas generales

  • Esta prueba ha sido intentada 228 veces
  • La puntuación promedio es 2 de 15

Estadísticas de respuestas

HintRespuesta% Correcto
91Lionel Messi
33%
90Cristiano Ronaldo
24%
91Kylian Mbappé
22%
91Karim Benzema
18%
91Kevin de Bruyne
18%
89Casemiro
14%
89Jan Oblak
14%
91Robert Lewandowski
14%
90Thibaut Courtois
12%
90VIrgil Van Dijk
11%
90Mohamed Salah
10%
89N´Golo Kanté
10%
89Ederson
9%
90Manuel Neuer
8%
89Neymar
6%

Distribución de puntuación

Porcentaje por número respondido

Porcentaje de gente con cada puntuación

Historial de tus puntuaciones

No has intentado esta prueba.